Jakim kulinarnym terminem określane są kobiety przez mężczyzn - Statystyki

Ogólne statystyki
  • Ten quiz został rozwiązany 34 razy
  • Średni wynik to 2 z 8
Statystyki odpowiedzi
Odpowiedź % Poprawnych
Cukiereczek
57%
Babka
38%
Czekoladka
29%
Pasztet
14%
Rybka
14%
Pączuszek
10%
Baleron
5%
Pulpet
5%
Nie znaleziono quizów pasujących do podanych kryteriów
Rozkład punktacji
Procent ludzi z każdym wynikiem
Percentyl według liczby udzielonych odpowiedzi
Twoja historia wyników
Nie rozwiązałeś tego quizu